000 003890000a22000970004500
100 1 _aShaull, Ricardo
245 1 0 _aLa iglesia, crisis y nuevas perspectivas : La opción de la iglesia por los pobres; La opción de los pobres por el pentacostalismo; En la búsqueda de nuevos caminos
300 _aVol. 15, Num 2 (Noviembre, 1995), Páginas 8-48
773 0 _tVida y pensamiento
942 _cANA
999 _c53060
_d53060